Normal view
MARC view
- CLEMENTS,JAMES D/JACK GIDO
Entry Personal Name
001 - CONTROL NUMBER
- control field: 609
003 - CONTROL NUMBER IDENTIFIER
- control field: JO-AjAnu
005 - DATE AND TIME OF LATEST TRANSACTION
- control field: 20230606070415.0
008 - FIXED-LENGTH DATA ELEMENTS
- fixed length control field: 230606|| aca||aabn | a|a d
040 ## - CATALOGING SOURCE
- Original cataloging agency: JO-AjAnu
- Transcribing agency: JO-AjAnu
100 ## - HEADING--PERSONAL NAME
- Personal name: CLEMENTS,JAMES D/JACK GIDO
670 ## - SOURCE DATA FOUND
- Source citation: Work cat.: (JO-AjAnu)321: CLEMENTS,JAMES D/JACK GIDO, author, EFFECTIVE PROJECT MANAGEMENT